[Event "RLP Seniors op 17th"]
[Site "Neustadt an der Weinstrasse"]
[Date "2019.07.24"]
[Round "5"]
[White "Schwertel, Johann"]
[Black "Huettemann, Karl Heinz"]
[Result "1/2-1/2"]
[WhiteElo "1910"]
[BlackElo "2053"]
[PlyCount "83"]
[EventDate "2019.07.20"]
[EventType "swiss"]
[EventRounds "9"]
[EventCountry "GER"]
[SourceTitle "CBM 192 Extra"]
[Source "Chessbase"]
[SourceDate "2019.11.06"]
[SourceVersion "1"]
[SourceVersionDate "2019.11.06"]
[SourceQuality "1"]

1. d4 Nf6 2. Nf3 e6 3. c3 d5 4. Bg5 Be7 5. Nbd2 h6 6. Bh4 0-0 7. e3 c5 8. Bd3 b6 9. 0-0 Ba6 10. Qe2 Bxd3 11. Qxd3 Nbd7 12. Bg3 Nh5 13. Rfe1 Nxg3 14. hxg3 Qc7 15. Rad1 Rfd8 16. Qb1 Rac8 17. e4 dxe4 18. Nxe4 Nf6 19. Nxf6+ Bxf6 20. dxc5 Qxc5 21. Qe4 Qc7 22. Qe2 a5 23. Nd2 Be7 24. Ne4 Kf8 25. Rxd8+ Rxd8 26. Rd1 Rxd1+ 27. Qxd1 f5 28. Nd2 Qd7 29. Qe2 Qd5 30. b3 Bf6 31. Nc4 Qc6 32. Qd3 Ke7 33. Kf1 b5 34. Nxa5 Qxc3 35. Qxb5 Qa1+ 36. Ke2 Qxa2+ 37. Kf3 g5 38. Nc4 Bd4 39. Qb4+ Kf6 40. Qf8+ Kg6 41. Qe8+ Kh7 42. Qe7+ 1/2-1/2

[Event "GER-ch Seniors 65"]
[Site "Hamburg"]
[Date "2018.07.28"]
[Round "8"]
[White "Schulz, Wolfgang1111"]
[Black "Schwertel, Johann"]
[Result "1/2-1/2"]
[WhiteElo "2045"]
[BlackElo "1862"]
[PlyCount "93"]
[EventDate "2018.07.21"]
[EventType "swiss"]
[EventRounds "9"]
[EventCountry "GER"]
[SourceTitle "CBM 186 Extra"]
[Source "ChessBase"]
[SourceDate "2018.08.24"]
[SourceVersion "1"]
[SourceVersionDate "2018.08.24"]
[SourceQuality "1"]

1. e4 c6 2. d3 d5 3. Qe2 e6 4. Nf3 Bb4+ 5. c3 dxe4 6. dxe4 Bc5 7. g3 Nf6 8. Bg2 h6 9. 0-0 0-0 10. Nbd2 Re8 11. e5 Nh7 12. Ne4 Nd7 13. Rd1 Be7 14. Qd3 Qc7 15. Nd6 Bxd6 16. Qxd6 Qxd6 17. Rxd6 Nhf8 18. h4 Ng6 19. Bf4 Nxf4 20. gxf4 Nb6 21. Rad1 Nd5 22. Rd4 c5 23. Re4 Ne7 24. Bf1 a6 25. Rc4 Nd5 26. f5 b6 27. Bh3 Rb8 28. fxe6 Bxe6 29. Bxe6 fxe6 30. Kg2 Kf7 31. Kg3 Rb7 32. Ra4 a5 33. Rg4 Ne7 34. Rd3 g6 35. a4 Nf5+ 36. Kh3 Ree7 37. Rg1 Rbd7 38. Rgd1 Ke8 39. Kg4 Rxd3 40. Rxd3 Rd7 41. Rxd7 Kxd7 42. Kf4 Kc6 43. Ke4 Ng7 44. Nh2 Nf5 45. Nf3 Ng7 46. c4 Nf5 47. Kd3 1/2-1/2

[Event "Schleswig Holstein-ch Seniors op 11th"]
[Site "Buesum"]
[Date "2017.09.09"]
[Round "2"]
[White "Knaak, Joachim"]
[Black "Schwertel, Johann"]
[Result "1-0"]
[WhiteElo "2129"]
[BlackElo "1930"]
[PlyCount "55"]
[EventDate "2017.09.08"]
[EventType "swiss"]
[EventRounds "9"]
[EventCountry "GER"]
[SourceTitle "EXT 2019"]
[Source "ChessBase"]
[SourceDate "2018.10.10"]
[SourceVersion "1"]
[SourceVersionDate "2018.10.10"]
[SourceQuality "1"]

1. d4 d5 2. c4 e6 3. Nf3 Nf6 4. Nc3 c6 5. e3 Nbd7 6. Bd3 Bd6 7. 0-0 0-0 8. Qc2 h6 9. Bd2 Re8 10. Rac1 dxc4 11. Bxc4 Nd5 12. e4 N5b6 13. Bb3 Nf8 14. Rfd1 Ng6 15. h3 Bf4 16. a4 Bxd2 17. Rxd2 Qe7 18. a5 Nd7 19. e5 Nf4 20. Ne4 Nd5 21. Bxd5 exd5 22. Nd6 Rd8 23. a6 bxa6 24. Qxc6 Nb6 25. Qc5 Be6 26. Qa3 Nc4 27. Nxc4 dxc4 28. Qxe7 1-0

[Event "SVR-ch Seniors"]
[Site "Heimbach Weis"]
[Date "2017.04.08"]
[Round "3"]
[White "Schwertel, Johann"]
[Black "Schwartz, Bernd"]
[Result "0-1"]
[WhiteElo "1928"]
[BlackElo "2015"]
[PlyCount "154"]
[EventDate "2017.04.07"]
[EventType "swiss"]
[EventRounds "7"]
[EventCountry "GER"]
[SourceTitle "EXT 2020"]
[Source "ChessBase"]
[SourceDate "2019.10.17"]
[SourceVersion "1"]
[SourceVersionDate "2019.10.17"]
[SourceQuality "1"]

1. d4 Nf6 2. Nf3 d5 3. g3 Bf5 4. Bg2 c6 5. c3 h6 6. Nbd2 Nbd7 7. 0-0 e6 8. Re1 Be7 9. Nf1 Ne4 10. N3d2 Ndf6 11. f3 Nxd2 12. Nxd2 Qb6 13. e4 dxe4 14. fxe4 Bg4 15. Qa4 0-0 16. Nc4 Qd8 17. Ne3 Bh5 18. e5 Nd5 19. Nxd5 cxd5 20. Be3 Qb6 21. Qb3 Qc6 22. Qc2 Bg6 23. Qd2 b5 24. a3 a5 25. Rec1 Rfc8 26. Bf1 Rab8 27. Qe2 Qc4 28. Qd1 Qc7 29. Qd2 Be4 30. h4 b4 31. axb4 axb4 32. c4 dxc4 33. Bxc4 Bb7 34. b3 Qd7 35. Rd1 Qc6 36. d5 exd5 37. Bxd5 Qg6 38. Bxb7 Rxb7 39. Rac1 Rxc1 40. Rxc1 Bxh4 41. Kh2 Be7 42. Rc8+ Kh7 43. Qe2 Rd7 44. Rc4 Qe6 45. Bd2 Rd5 46. Bxb4 Bxb4 47. Rxb4 Rxe5 48. Qd3+ g6 49. Rf4 Re2+ 50. Kg1 Kg7 51. Qd4+ Qe5 52. Qxe5+ Rxe5 53. Rb4 Re2 54. Rb7 Rb2 55. b4 h5 56. b5 Kf6 57. b6 Ke6 58. Rb8 f6 59. b7 Kf5 60. Kf1 g5 61. Rh8 Rxb7 62. Rxh5 Kg4 63. Rh6 f5 64. Rg6 Rb3 65. Rc6 Kxg3 66. Rc5 Rf3+ 67. Kg1 g4 68. Rc2 f4 69. Rg2+ Kh4 70. Rh2+ Rh3 71. Rc2 f3 72. Rc7 Kg3 73. Rc3 Rh7 74. Rb3 Ra7 75. Rb1 Ra2 76. Rd1 Rc2 77. Kf1 Rh2 0-1

[Event "Rheinland-chT Seniors 1617"]
[Site "Germany"]
[Date "2017.01.26"]
[Round "6"]
[White "Jacobs, Hermann"]
[Black "Schwertel, Johann"]
[Result "1/2-1/2"]
[WhiteElo "1739"]
[BlackElo "1830"]
[PlyCount "36"]
[EventDate "2016.10.06"]
[EventType "team-tourn"]
[EventRounds "7"]
[EventCountry "GER"]
[SourceTitle "EXT 2018"]
[Source "ChessBase"]
[SourceDate "2017.10.13"]
[SourceVersion "1"]
[SourceVersionDate "2017.10.13"]
[SourceQuality "1"]

1. Nf3 d5 2. d4 Nf6 3. Bf4 c6 4. e3 Bg4 5. Nbd2 e6 6. Bd3 Bd6 7. Bg3 Qc7 8. c3 Nbd7 9. Qc2 Bxf3 10. Nxf3 h6 11. 0-0 0-0 12. Bxd6 Qxd6 13. Rfe1 e5 14. dxe5 Nxe5 15. Nxe5 Qxe5 16. e4 dxe4 17. Bxe4 Nxe4 18. Rxe4 Qf5 1/2-1/2

[Event "Wch Seniors 65 26th"]
[Site "Marianske Lazne"]
[Date "2016.11.30"]
[Round "11"]
[White "Schwertel, Johann"]
[Black "Svoboda, Jaroslav"]
[Result "1-0"]
[WhiteElo "1961"]
[BlackElo "1712"]
[PlyCount "79"]
[EventDate "2016.11.19"]
[EventType "swiss"]
[EventRounds "11"]
[EventCountry "CZE"]
[SourceTitle "EXT 2018"]
[Source "ChessBase"]
[SourceDate "2017.10.13"]
[SourceVersion "1"]
[SourceVersionDate "2017.10.13"]
[SourceQuality "1"]

1. d4 c5 2. e3 cxd4 3. exd4 e6 4. Nf3 Nc6 5. c3 Nge7 6. Bd3 Ng6 7. 0-0 Nce7 8. Re1 h6 9. Ne5 Nxe5 10. Rxe5 Nc6 11. Re1 Ne7 12. Nd2 b6 13. Be4 Rb8 14. Nf1 g5 15. g3 Bb7 16. d5 Bg7 17. dxe6 dxe6 18. Qa4+ Qd7 19. Qxa7 0-0 20. Bxb7 Rxb7 21. Qa3 b5 22. Qb3 Rc8 23. Be3 b4 24. cxb4 Nd5 25. a3 g4 26. Rad1 h5 27. Bd4 h4 28. Bxg7 Kxg7 29. Qd3 Qc6 30. Qe4 Nf6 31. Qxc6 Rxc6 32. Rc1 Rxc1 33. Rxc1 h3 34. Ne3 Kg6 35. Kf1 Rd7 36. Ke2 Kg5 37. Rc5+ Nd5 38. Nxd5 exd5 39. b5 f5 40. a4 1-0

[Event "Wch Seniors 65 26th"]
[Site "Marianske Lazne"]
[Date "2016.11.29"]
[Round "10"]
[White "Feco, Jan"]
[Black "Schwertel, Johann"]
[Result "1/2-1/2"]
[WhiteElo "1761"]
[BlackElo "1961"]
[PlyCount "50"]
[EventDate "2016.11.19"]
[EventType "swiss"]
[EventRounds "11"]
[EventCountry "CZE"]
[SourceTitle "CBM 175 Extra"]
[Source "ChessBase"]
[SourceDate "2016.12.12"]
[SourceVersion "1"]
[SourceVersionDate "2016.12.12"]
[SourceQuality "1"]

1. Nc3 d5 2. e4 dxe4 3. Nxe4 Nf6 4. Nxf6+ exf6 5. Bc4 Be7 6. Ne2 Nd7 7. a3 0-0 8. 0-0 Ne5 9. Bb3 Be6 10. Bxe6 fxe6 11. d4 Ng6 12. c3 c6 13. Qb3 Qd7 14. Be3 b6 15. Bf4 Bd6 16. Bg3 Kh8 17. Rad1 c5 18. dxc5 Bxc5 19. Kh1 Qb7 20. Qa4 Rad8 21. Rxd8 Rxd8 22. Rd1 Rxd1+ 23. Qxd1 e5 24. Qd3 Be7 25. h4 Nf8 1/2-1/2

[Event "Rheinland-chT Seniors 1617"]
[Site "Germany"]
[Date "2016.11.17"]
[Round "3"]
[White "Boidman, Yuri"]
[Black "Schwertel, Johann"]
[Result "1-0"]
[WhiteElo "2319"]
[BlackElo "1830"]
[PlyCount "75"]
[EventDate "2016.10.06"]
[EventType "team-tourn"]
[EventRounds "7"]
[EventCountry "GER"]
[SourceTitle "EXT 2018"]
[Source "ChessBase"]
[SourceDate "2017.10.13"]
[SourceVersion "1"]
[SourceVersionDate "2017.10.13"]
[SourceQuality "1"]

1. e4 e5 2. Nf3 Nc6 3. Bb5 d6 4. d4 exd4 5. Nxd4 Bd7 6. Nxc6 Bxc6 7. Bxc6+ bxc6 8. 0-0 Nf6 9. Nc3 Be7 10. Bf4 0-0 11. Qd3 Nd7 12. Qc4 c5 13. Rad1 Nb6 14. Qd3 Bg5 15. Bg3 Bf6 16. Rfe1 Re8 17. a4 c4 18. Qf3 Qc8 19. b3 cxb3 20. cxb3 Bxc3 21. Qxc3 Qb7 22. f3 Nd7 23. b4 a6 24. Rc1 Rac8 25. Qc6 Qxc6 26. Rxc6 Nb8 27. Rc3 Red8 28. Rec1 c6 29. Rd3 d5 30. exd5 cxd5 31. Rxc8 Rxc8 32. Rxd5 Nc6 33. b5 axb5 34. axb5 Ne7 35. Rd7 Nf5 36. Bc7 Re8 37. b6 Kf8 38. Rd5 1-0

[Event "Schleswig Holstein-ch Seniors op 10th"]
[Site "Buesum"]
[Date "2016.10.01"]
[Round "6"]
[White "Schwertel, Johann"]
[Black "Nickel, Arno"]
[Result "0-1"]
[WhiteElo "1984"]
[BlackElo "2100"]
[PlyCount "124"]
[EventDate "2016.09.26"]
[EventType "swiss"]
[EventRounds "9"]
[EventCountry "GER"]
[SourceTitle "EXT 2019"]
[Source "ChessBase"]
[SourceDate "2018.10.10"]
[SourceVersion "1"]
[SourceVersionDate "2018.10.10"]
[SourceQuality "1"]

1. d4 Nf6 2. Nf3 d6 3. Nbd2 c5 4. c3 g6 5. e3 Bg7 6. Be2 0-0 7. 0-0 b6 8. h3 Bb7 9. Nh2 e5 10. dxe5 dxe5 11. Ng4 Nbd7 12. Nxf6+ Nxf6 13. Nf3 Qe7 14. Qb3 Rad8 15. Rd1 Rxd1+ 16. Qxd1 Rd8 17. Qe1 e4 18. Nd2 Nd7 19. Nf1 Ne5 20. Bd2 Qd7 21. Qd1 h5 22. Be1 Qxd1 23. Bxd1 Nd3 24. Bc2 Nxb2 25. Ng3 f5 26. Ne2 Ba6 27. Nf4 Kf7 28. Bb3+ Bc4 29. Rc1 a5 30. h4 a4 31. Bxc4+ Nxc4 32. Kf1 Bf6 33. g3 Be5 34. Ke2 Kf6 35. Rd1 Rxd1 36. Kxd1 Bxf4 37. gxf4 Nb2+ 38. Ke2 Ke6 39. f3 Kd5 40. Bd2 b5 41. Be1 Kc4 42. fxe4 fxe4 43. Kd2 Kd5 44. Ke2 Nd3 45. Bd2 Kc4 46. Kd1 b4 47. cxb4 cxb4 48. Kc2 b3+ 49. axb3+ axb3+ 50. Kb1 Kd5 51. Ba5 Ke6 52. Bc3 Kf5 53. Bd4 Kg4 54. Bf6 Kg3 55. Bd8 Kf3 56. Bb6 Nf2 57. Kb2 Nd1+ 58. Kxb3 Nxe3 59. Bd8 Nd5 60. Bg5 e3 61. Kc2 Nxf4 62. Kd1 e2+ 0-1

[Event "Schleswig Holstein-ch Seniors op 10th"]
[Site "Buesum"]
[Date "2016.09.30"]
[Round "5"]
[White "Chmielewski, Axel"]
[Black "Schwertel, Johann"]
[Result "0-1"]
[WhiteElo "1852"]
[BlackElo "1984"]
[PlyCount "128"]
[EventDate "2016.09.26"]
[EventType "swiss"]
[EventRounds "9"]
[EventCountry "GER"]
[SourceTitle "EXT 2019"]
[Source "ChessBase"]
[SourceDate "2018.10.10"]
[SourceVersion "1"]
[SourceVersionDate "2018.10.10"]
[SourceQuality "1"]

1. d4 d5 2. c4 c6 3. Nf3 Nf6 4. Qc2 e6 5. Bg5 Be7 6. e3 Nbd7 7. Nc3 h6 8. Bh4 dxc4 9. Bxc4 Nd5 10. Bxe7 Qxe7 11. 0-0 N7b6 12. Be2 0-0 13. Rfd1 Bd7 14. e4 Nxc3 15. bxc3 Rad8 16. a4 c5 17. a5 Nc8 18. e5 Bc6 19. Ne1 a6 20. Bf3 Na7 21. Qb2 cxd4 22. cxd4 Qc7 23. Rdc1 Nb5 24. Bxc6 bxc6 25. Nf3 Rd5 26. Rc4 Rc8 27. Nd2 c5 28. dxc5 Rxc5 29. Rxc5 Qxc5 30. Nf3 Nc3 31. h3 Nb5 32. Qd2 Qc7 33. Re1 Rd8 34. Qb4 Rd5 35. Ra1 Qc3 36. Qa4 g6 37. Kh2 Kg7 38. Ra2 Nd4 39. Nxd4 Rxd4 40. Qa3 Qc7 41. Qe3 Rd5 42. f4 Rxa5 43. Rd2 Qc5 44. Qe1 Qc3 45. Qf2 Ra3 46. Rc2 Qe3 47. Qxe3 Rxe3 48. Ra2 g5 49. fxg5 hxg5 50. Ra5 Kg6 51. g4 Rd3 52. Rxa6 Rd5 53. Ra2 Rxe5 54. Rf2 f5 55. gxf5+ exf5 56. Rd2 f4 57. Kg2 Kf5 58. Rd4 Re2+ 59. Kf1 Rh2 60. Rd5+ Kf6 61. Rd3 Ke5 62. Kg1 Re2 63. Rd8 Rb2 64. Re8+ Kf5 0-1